Vavrinec Čaplovič a osudy jeho knižnice /
Uložené v:
| Hlavný autor: | |
|---|---|
| Médium: | Kniha |
| Jazyk: | Slovak |
| Vydané: |
Martin :
Matica slovenská,
1962.
|
| ISBN: |
(viaz.) |
| Fyzický popis: |
147 s. : obr. |
| Tagy: |
Pridať tag
Žiadne tagy, Buďte prvý kto otaguje tento záznam!
|
Titul je dostupný aj v ... 

MARC
| LEADER | 00000nam a22000007a 4500 | ||
|---|---|---|---|
| 001 | 000438310 | ||
| 005 | 20131006112019.0 | ||
| 008 | 960718s1962 xo r slo d | ||
| 020 | |a (viaz.) |c Kčs 11,40 | ||
| 040 | |a SVKKK |b slo |c SVKKK |e AACR2 | ||
| 041 | 0 | |a slo | |
| 044 | |a xo |c SK | ||
| 100 | 1 | |a Maťovčík, Augustín, |d 1937- |4 aut | |
| 245 | 1 | 0 | |a Vavrinec Čaplovič a osudy jeho knižnice / |c Augustin Maťovčík. |
| 260 | |a Martin : |b Matica slovenská, |c 1962. | ||
| 300 | |a 147 s. : |b obr. | ||
| 504 | |a Bibliografia | ||
| 504 | |a Menný register | ||
| 546 | |a Resumé v maďačine, nemčině, ruštine | ||
| 910 | |a svkkk | ||
| 998 | |a BK | ||
| 090 | |g SCKHL |k Sklad Pribinova 2. posch. |a II.64306 |j 298967 |i 438310-10 |s Absenčne | ||